Melhores Jogadores de Futebol da História - Statistics

Estatísticas Gerais
  • Esse quiz foi jogado 335 vezes
  • A pontuação média é 70 de 100
Estatísticas das Respostas
Imagem Resposta % Correto
Lionel Messi
100%
Pelé
100%
Diego Maradona
99%
Cristiano Ronaldo
98%
Ronaldo
98%
Neymar
97%
Ronaldinho
96%
Zinédine Zidane
95%
Luis Suárez
94%
Kaká
92%
Luka Modric
92%
Andrés Iniesta
91%
Romário
91%
Marcelo
90%
Sérgio Ramos
90%
Xavi
90%
Zico
90%
Garrincha
89%
Kylian Mbappé
89%
Gianluigi Buffon
88%
Ángel Di María
87%
Manuel Neuer
87%
Mohamed Salah
86%
Paolo Maldini
86%
Rivaldo
86%
Daniel Alves
85%
Eusébio
85%
Karim Benzema
85%
Roberto Carlos
85%
Cafu
84%
Gerd Müller
84%
Johan Cruyff
84%
Thierry Henry
84%
Zlatan Ibrahimović
84%
Casemiro
83%
Harry Kane
83%
Sócrates
83%
Thomas Müller
83%
Toni Kroos
83%
Adriano
82%
Erling Haaland
82%
Ferenc Puskás
82%
Gareth Bale
82%
Kevin De Bruyne
82%
Carles Puyol
81%
Sergio Busquets
81%
Pirlo
80%
Robert Lewandowski
80%
Rogério Ceni
79%
Xabi Alonso
79%
Wayne Rooney
77%
Franck Ribéry
76%
Thibaut Courtois
76%
Virgil Van Dijk
76%
Arjen Robben
75%
Rodri
75%
Franz Beckenbauer
74%
Iker Casillas
74%
Ruud Gullit
74%
Samuel Eto'o
73%
Alfredo Di Stéfano
71%
Carlos Tévez
69%
Steven Gerrard
69%
Fernando Torres
68%
Frank Lampard
68%
Luís Figo
68%
Marco Van Basten
66%
Pavel Nedved
65%
Philipp Lahm
64%
Bobby Charlton
63%
George Best
63%
Jairzinho
63%
Roberto Baggio
63%
Michel Platini
59%
George Weah
56%
Hernán Crespo
56%
Carlos Alberto
55%
Juan Román Riquelme
55%
Lev Yashin
53%
Lothar Matthäus
52%
Javier Zanetti
51%
Roberto Rivellino
50%
Franco Baresi
47%
Alessandro Del Piero
46%
Andriy Shevchenko
46%
Gabriel Batistuta
41%
Daniel Carvajal
39%
Fabio Cannavaro
39%
Michael Owen
39%
Éric Cantona
38%
Didi
37%
Bobby Moore
36%
Patrick Vieira
36%
Hristo Stoichkov
31%
Falcão
30%
Hugo Sánchez
24%
Paco Gento
16%
Emilio Butragueño
15%
Raymond Kopa
12%
Elías Figueroa
8%
Nenhum quiz correspondente encontrado
Distribuição das Pontuações
Porcentagem de Pessoas com Cada Pontuação
Percentil de Números Respondidos
Sua Pontuação Histórica
Você não jogou esse quiz